An introduction to the world's oceans.
Shranjeno v:
| Glavni avtor: | |
|---|---|
| Drugi avtorji: | , |
| Format: | Sách giấy |
| Izdano: |
Boston :
McGraw-Hill,
2003
|
| Izdaja: | 7th ed. / |
| Teme: | |
| Online dostop: | Table of contents Publisher description |
| Oznake: |
Označite
Brez oznak, prvi označite!
|
| Thư viện lưu trữ: | Thư viện Trường Đại học Đà Lạt |
|---|
| LEADER | 01425nam a2200409 4500 | ||
|---|---|---|---|
| 001 | DLU050047863 | ||
| 005 | ##20050613 | ||
| 008 | ##020402s2003 mauab 001 0 eng | ||
| 010 | # | # | |a 2002067854 |
| 020 | # | # | |a 0072472804 (recycled, acid-free paper) |
| 040 | # | # | |a DLC |c DLC |d DLC |
| 050 | # | # | |a GC11.2 |b .D89 2003 |
| 082 | # | # | |a 551.46 |b SV-K |
| 100 | # | # | |a Sverdrup, Keith A. |
| 245 | # | # | |a An introduction to the world's oceans. |
| 246 | # | # | |a World's oceans |
| 250 | # | # | |a 7th ed. / |b Keith A. Sverdrup, Alyn C. Duxbury, Alison B. Duxbury. |
| 260 | # | # | |a Boston : |b McGraw-Hill, |c 2003 |
| 300 | # | # | |a xvi, 521 p. : |b ill. (some col.), col. maps ; |c 29 cm. |
| 500 | # | # | |a Includes index. |
| 500 | # | # | |a Rev. ed. of: An introduction to the world's oceans. 6th ed. / Alyn C. Duxbury, Alison B. Duxbury, Keith A. Sverdrup. c2000. |
| 650 | # | # | |a Oceanography. |
| 700 | # | # | |a Duxbury, Alison. |
| 700 | # | # | |a Duxbury, Alyn C., |d 1932- |
| 700 | # | # | |a Duxbury, Alyn C., |d 1932- |t Introduction to the world's oceans. |
| 856 | # | # | |3 Table of contents |u http://www.loc.gov/catdir/toc/mh021/2002067854.html |
| 856 | # | # | |3 Publisher description |u http://www.loc.gov/catdir/description/mh022/2002067854.html |
| 923 | # | # | |a 18/2005 |
| 992 | # | # | |a 26900 |
| 994 | # | # | |a DLU |
| 900 | # | # | |a True |
| 911 | # | # | |a Nguyễn Thị Tố Hạnh |
| 925 | # | # | |a G |
| 926 | # | # | |a A |
| 927 | # | # | |a SH |
| 980 | # | # | |a Thư viện Trường Đại học Đà Lạt |


